"Военный коммунизм": политика, практика, идеология

Xehetasun bibliografikoak
Egile nagusia: Гимпельсон Е. Г. Ефим Гилевич
Hizkuntza:errusiera
Argitaratua: Москва, Мысль, 1973
Gaiak:
Formatua: Liburua
KOHA link:https://koha.lib.tpu.ru/cgi-bin/koha/opac-detail.pl?biblionumber=16722

MARC

LEADER 00000nam0a2200000 4500
001 16722
005 20260528130808.0
035 |a (RuTPU)RU\TPU\book\16850 
035 |a BOOK00001538 
090 |a 16722 
100 |a 20011209d1973 km y0rusy50 ca 
101 0 |a rus 
102 |a RU 
105 |a y z 000zy 
200 1 |a "Военный коммунизм": политика, практика, идеология  |f Е. Г. Гимпельсон 
210 |a Москва  |c Мысль  |d 1973 
215 |a 296 с. 
606 |a Военный коммунизм  |9 89288 
610 1 |a история 
610 1 |a Россия 
610 1 |a СССР 
610 1 |a социалистические преобразования 
610 1 |a 20 век 
686 |a Т3(2)612  |2 rubbk 
700 1 |a Гимпельсон  |b Е. Г.  |g Ефим Гилевич 
801 0 |a RU  |b 63413507  |c 20011209  |g PSBO 
801 2 |a RU  |b 63413507  |c 20130206  |g PSBO 
942 |c BK